[Event "TCh-CHN 2015"]
[Site "China CHN"]
[Date "2015.12.09"]
[Round "20.4"]
[Board "1"]
[White "Lysyj, Igor"]
[Black "Liu, Guanchu"]
[Result "1-0"]
[WhiteTitle "GM"]
[BlackTitle "IM"]
[WhiteElo "2691"]
[BlackElo "2379"]
[WhiteTeam "Hangzhou"]
[BlackTeam "Chengdu"]
[WhiteFideId "4150120"]
[BlackFideId "8603901"]
[EventDate "2015.04.10"]

1. d4 f5 2. Nf3 Nf6 3. c4 g6 4. Nc3 Bg7 5. e3 O-O 6. Be2 d6 7. O-O e6 8. b3 b6
9. Bb2 Qe7 10. Ng5 h6 11. Nh3 g5 12. f4 g4 13. Nf2 Bb7 14. e4 Nbd7 15. exf5 exf5
16. Re1 Qf7 17. d5 Nh5 18. g3 Rae8 19. Qd2 a6 20. Bf1 Bf6 21. Ne2 Bxb2 22. Qxb2
Qf6 23. Qxf6 Ndxf6 24. Nd4 Ng7 25. Bd3 Bc8 26. Kf1 Bd7 27. Nd1 Rxe1+ 28. Kxe1
Re8+ 29. Kd2 Ne4+ 30. Bxe4 Rxe4 31. Nc3 Re7 32. Nde2 Ne8 33. Nd4 Nf6 34. b4 Ne4+
35. Nxe4 Rxe4 36. Kd3 Kf7 37. a4 Re8 38. a5 Ra8 39. Kc3 h5 40. axb6 cxb6 41. Nb3
h4 42. Kd4 Kf6 43. c5 bxc5+ 44. bxc5 dxc5+ 45. Nxc5 Bb5 46. gxh4 Rh8 47. d6 Rxh4
48. d7 Rh8 49. Kd5 1-0

[Event "TCh-CHN 2015"]
[Site "China CHN"]
[Date "2015.12.09"]
[Round "20.4"]
[Board "2"]
[White "Gao, Rui"]
[Black "Li, Di"]
[Result "1/2-1/2"]
[WhiteTitle "GM"]
[BlackTitle "FM"]
[WhiteElo "2533"]
[BlackElo "2277"]
[WhiteTeam "Hangzhou"]
[BlackTeam "Chengdu"]
[WhiteFideId "8602387"]
[BlackFideId "8607508"]
[EventDate "2015.04.10"]

1. e4 e5 2. Nf3 Nc6 3. Bb5 a6 4. Ba4 Nf6 5. O-O Be7 6. d3 b5 7. Bb3 O-O 8. Re1
Bb7 9. Nbd2 d6 10. c3 Na5 11. Bc2 c5 12. Nf1 Re8 13. Ng3 Bf8 14. d4 cxd4 15.
cxd4 exd4 16. Bf4 Rc8 17. Nxd4 Nc4 18. b3 Ne5 19. Qd2 d5 20. Bxe5 Rxe5 21. Nf3
Rxe4 22. Bxe4 dxe4 23. Qxd8 Rxd8 24. Ng5 Re8 25. Rac1 h6 26. Nh3 Bb4 27. Red1
Nd5 28. Rd4 e3 29. fxe3 Rxe3 30. Re4 Bd2 31. Rc2 Ba5 32. Rxe3 Nxe3 33. Re2 Bb6
34. Kh1 g5 35. Nf1 Nxg2 36. Rxg2 f5 37. Ng1 Kf7 38. h3 h5 39. Ng3 f4 40. Nxh5 f3
41. Nxf3 Bxf3 42. Ng3 Ke6 43. Kh2 Bxg2 44. Kxg2 Ke5 45. Kf3 b4 46. Ne4 Bd8 1/2-1/2

[Event "TCh-CHN 2015"]
[Site "China CHN"]
[Date "2015.12.09"]
[Round "20.4"]
[Board "3"]
[White "Bai, Jinshi"]
[Black "Zhao, Yuanhe"]
[Result "1/2-1/2"]
[WhiteTitle "IM"]
[WhiteElo "2518"]
[BlackElo "2217"]
[WhiteTeam "Hangzhou"]
[BlackTeam "Chengdu"]
[WhiteFideId "8602280"]
[BlackFideId "8609497"]
[EventDate "2015.04.10"]

1. Nf3 Nf6 2. c4 g6 3. Nc3 c5 4. d4 cxd4 5. Nxd4 Nc6 6. e4 d6 7. f3 Nxd4 8. Qxd4
Bg7 9. Be3 O-O 10. Qd2 Be6 11. Rc1 Qa5 12. Be2 Rfc8 13. b3 Nd7 14. Nd5 Qxd2+ 15.
Kxd2 Bxd5 16. cxd5 a6 17. b4 Bb2 18. Rc2 Rxc2+ 19. Kxc2 Bf6 20. Kb3 Rc8 21. Bd2
Bd4 22. f4 h5 23. Bf3 b5 24. Rc1 Rxc1 25. Bxc1 Nb6 26. Kc2 Nd7 27. Kb3 Nb6 28.
Kc2 Na4 29. Bd2 Nb2 30. g4 Nc4 31. gxh5 Nxd2 32. Kxd2 Bg1 33. h3 Bh2 34. Ke3 Bg3
35. hxg6 fxg6 36. Bg4 Be1 37. a3 Bc3 38. Kd3 Bb2 39. Bc8 Bxa3 40. Kc3 Bc1 41. f5
gxf5 42. exf5 Kf7 43. Bxa6 Kf6 44. Bxb5 Kxf5 45. Bd7+ Ke5 46. Be6 Be3 47. Kc4
Bf2 48. Bd7 Ke4 49. Be6 Ke5 50. Kb5 Be1 51. h4 Kf6 52. h5 Kg5 53. Bf7 Bd2 54.
Kc4 Be1 55. b5 Bf2 56. Kd3 Kf6 57. Bg8 Kg7 58. Be6 Kh6 59. Bg4 Kg5 60. Ke4 Bc5
61. Be2 Bg1 62. Bf3 Bc5 63. h6 Kxh6 64. Kf5 e5 65. Bg2 Kh5 66. Ke6 Kg5 67. Kd7
Kf4 68. Kc6 e4 69. b6 e3 70. b7 Ba7 71. Bf1 Ke5 72. Bc4 Bb8 73. Be2 Ba7 1/2-1/2

[Event "TCh-CHN 2015"]
[Site "China CHN"]
[Date "2015.12.09"]
[Round "20.4"]
[Board "4"]
[White "Li, Yunshan"]
[Black "Lei, Tingjie"]
[Result "1/2-1/2"]
[WhiteTitle "WFM"]
[BlackTitle "WGM"]
[WhiteElo "1916"]
[BlackElo "2444"]
[WhiteTeam "Chengdu"]
[BlackTeam "Hangzhou"]
[WhiteFideId "8607664"]
[BlackFideId "8605114"]
[EventDate "2015.04.10"]

1. d4 Nf6 2. c4 g6 3. Nc3 d5 4. Bf4 Bg7 5. e3 O-O 6. cxd5 Nxd5 7. Nxd5 Qxd5 8.
Bxc7 Na6 9. Bxa6 Qxg2 10. Qf3 Qxf3 11. Nxf3 bxa6 12. Rg1 Bb7 13. Ke2 f6 14. Rac1
e5 15. dxe5 fxe5 16. Nxe5 Rf5 17. f4 Rh5 18. Nf3 Rh3 19. Rg3 Bxf3+ 20. Kxf3 Rxh2
21. Rg2 Rh3+ 22. Rg3 Rxg3+ 23. Kxg3 Bxb2 24. Rd1 Re8 25. Kf3 Ba3 26. Be5 Re7 27.
Rd8+ Kf7 28. Bd6 Bxd6 29. Rxd6 Re6 30. Rxe6 Kxe6 31. e4 a5 32. Kg4 h6 33. Kh4 a4
34. a3 Kf6 35. Kg4 Kf7 36. Kh4 Ke6 37. Kg4 Kf6 38. Kh4 h5 39. f5 1/2-1/2

[Event "TCh-CHN 2015"]
[Site "China CHN"]
[Date "2015.12.09"]
[Round "20.4"]
[Board "5"]
[White "Ren, Xiaoyi"]
[Black "Gu, Tianlu"]
[Result "1-0"]
[BlackTitle "WIM"]
[WhiteElo "2211"]
[BlackElo "2182"]
[WhiteTeam "Chengdu"]
[BlackTeam "Hangzhou"]
[WhiteFideId "8608709"]
[BlackFideId "8603995"]
[EventDate "2015.04.10"]

1. d4 f5 2. e4 fxe4 3. Nc3 Nf6 4. Bg5 g6 5. Bc4 Bg7 6. f3 e3 7. Qe2 c6 8. Qxe3
d5 9. Bd3 O-O 10. O-O-O e6 11. Nge2 c5 12. dxc5 Nc6 13. Bb5 Qa5 14. Bh6 Qc7 15.
Bxg7 Kxg7 16. h4 a6 17. Ba4 Nh5 18. Kb1 Nf4 19. g3 Nxe2 20. Nxe2 Qe5 21. Qd2
Rxf3 22. Bxc6 bxc6 23. Nd4 Rf6 24. Nxc6 Qc7 25. Nb4 Qxc5 26. Nd3 Qc7 27. h5 Bd7
28. hxg6 Rxg6 29. Nf4 Be8 30. Nxg6 Bxg6 31. Rde1 Re8 32. Re3 Qc6 33. Rc3 Qd6 34.
Qh6+ Kg8 35. Rf1 d4 36. Rcf3 Qe7 37. Rf6 Qg7 38. Qd2 e5 39. Qa5 e4 40. Qd5+ Kh8
41. Qxd4 e3 42. Rf8+ 1-0

[Event "TCh-CHN 2015"]
[Site "China CHN"]
[Date "2015.12.09"]
[Round "20.5"]
[Board "2"]
[White "Lu, Shanglei"]
[Black "Malakhov, Vladimir"]
[Result "1/2-1/2"]
[WhiteTitle "GM"]
[BlackTitle "GM"]
[WhiteElo "2570"]
[BlackElo "2706"]
[WhiteTeam "Zhejiang"]
[BlackTeam "Tianjing"]
[WhiteFideId "8603332"]
[BlackFideId "4120787"]
[EventDate "2015.04.10"]

1. e4 e5 2. Nf3 Nc6 3. Bb5 Nf6 4. d3 Bc5 5. Bxc6 dxc6 6. Nbd2 Nd7 7. Nc4 O-O 8.
Be3 Bd6 9. O-O Re8 10. a4 c5 11. Nfd2 Nf8 12. Kh1 Ng6 13. g3 Be6 14. f4 exf4 15.
gxf4 f5 16. Qh5 Qd7 17. e5 Be7 18. h3 Bf7 19. Qe2 Nf8 20. Kh2 b6 21. Rg1 Ne6 22.
Qg2 Rad8 23. Nb1 Bf8 24. Nbd2 Qd5 25. Qxd5 Rxd5 26. Nf3 Be7 27. b3 Rf8 28. Kg3
Be8 29. Kf2 Bc6 30. Raf1 a6 31. Ke2 Rdd8 32. Ncd2 Be8 33. Rf2 Bh5 34. Nf1 Bh4
35. Ng3 Bxg3 36. Rxg3 b5 37. a5 Rd5 38. Kd2 Bxf3 39. Rgxf3 b4 40. Rf1 Kf7 41.
Rg3 Rb8 42. Ke2 Rb5 43. Ra1 Rd8 44. h4 Ke7 45. h5 Kd7 46. Kf3 Kc6 1/2-1/2

[Event "TCh-CHN 2015"]
[Site "China CHN"]
[Date "2015.12.09"]
[Round "20.5"]
[Board "5"]
[White "Ni, Shiqun"]
[Black "Ding, Yixin"]
[Result "1-0"]
[WhiteTitle "WIM"]
[BlackTitle "WGM"]
[WhiteElo "2315"]
[BlackElo "2434"]
[WhiteTeam "Tianjing"]
[BlackTeam "Zhejiang"]
[WhiteFideId "8608466"]
[BlackFideId "8602972"]
[EventDate "2015.04.10"]

1. e4 c5 2. Nf3 d6 3. Bb5+ Bd7 4. Bxd7+ Nxd7 5. O-O Ngf6 6. Qe2 Rc8 7. c3 e6 8.
d4 cxd4 9. cxd4 d5 10. e5 Ne4 11. Be3 Bb4 12. Ne1 h6 13. Nd3 Ba5 14. Qg4 g6 15.
f3 h5 16. Qh3 Ng5 17. Qg3 Nh7 18. Na3 a6 19. Rac1 Rxc1 20. Rxc1 O-O 21. Nc2 Kh8
22. a4 Qe7 23. b4 Bb6 24. Nc5 Nb8 25. Ne1 Rc8 26. Ned3 Bd8 27. Nf4 Nf8 28. a5
Nc6 29. Rb1 Na7 30. Qh3 Kg8 31. Qg3 Kh8 32. Kh1 Rc7 33. Qf2 Qe8 34. Qd2 Nb5 35.
Ra1 Na7 36. Nfd3 Qb5 37. Rc1 Kg8 38. g3 Nc6 39. Kg2 Nh7 40. h4 Nb8 41. Kh3 Qe8
42. Rg1 f5 43. exf6 Bxf6 44. Re1 Re7 45. Bf2 Nc6 46. Nf4 Nf8 47. Kg2 Qf7 48. Ne2
e5 49. dxe5 Bxe5 50. Nc1 d4 51. N1d3 Bg7 52. Rxe7 Qxe7 53. Qe1 Qxe1 54. Bxe1 Nd8
55. Kf2 Kf7 56. Ke2 Nfe6 57. Bd2 Ke7 58. Bg5+ Kd6 59. Nf4 Kc6 60. Nxg6 Kb5 61.
Nd3 Nc6 62. Ngf4 Nxb4 63. Nxh5 Bf8 64. g4 Nd5 1-0

[Event "TCh-CHN 2015"]
[Site "China CHN"]
[Date "2015.12.09"]
[Round "20.6"]
[Board "1"]
[White "Lin, Chen"]
[Black "Zeng, Chongsheng"]
[Result "0-1"]
[WhiteTitle "IM"]
[BlackTitle "GM"]
[WhiteElo "2448"]
[BlackElo "2541"]
[WhiteTeam "Jiangsu"]
[BlackTeam "Guangdong"]
[WhiteFideId "8602298"]
[BlackFideId "8603847"]
[EventDate "2015.04.10"]

1. e4 c6 2. d4 d5 3. Nd2 dxe4 4. Nxe4 Bf5 5. Ng3 Bg6 6. Nh3 e6 7. Nf4 Bd6 8. Be2
Nf6 9. O-O Qc7 10. Nxg6 hxg6 11. Bf3 Nbd7 12. c4 O-O-O 13. Qa4 Kb8 14. c5 Bf4
15. b4 Rh4 16. b5 Ne5 17. Be3 Nxf3+ 18. gxf3 cxb5 19. Qxb5 Nd5 20. Rfe1 Nxe3 21.
Rxe3 Bxe3 22. fxe3 Rdh8 23. f4 Rxh2 24. Rb1 Ka8 25. a4 g5 0-1

[Event "TCh-CHN 2015"]
[Site "China CHN"]
[Date "2015.12.09"]
[Round "20.6"]
[Board "2"]
[White "Yu, Ruiyuan"]
[Black "Dubov, Daniil"]
[Result "0-1"]
[WhiteTitle "GM"]
[BlackTitle "GM"]
[WhiteElo "2571"]
[BlackElo "2655"]
[WhiteTeam "Jiangsu"]
[BlackTeam "Guangdong"]
[WhiteFideId "8603090"]
[BlackFideId "24126055"]
[EventDate "2015.04.10"]

1. e4 c5 2. Nf3 d6 3. Bb5+ Nc6 4. d4 cxd4 5. Qxd4 a6 6. Bxc6+ bxc6 7. O-O e5 8.
Qd3 Qc7 9. c4 Nf6 10. Nc3 Be7 11. Bg5 O-O 12. Rac1 Rd8 13. b4 Qb7 14. a3 Be6 15.
Rfd1 h6 16. Bxf6 Bxf6 17. Rb1 Rac8 18. a4 a5 19. b5 cxb5 20. cxb5 Rc5 21. Nd2
Rdc8 22. Ne2 Bd8 23. Rbc1 Bb6 24. Rxc5 Bxc5 25. Kf1 Bb4 26. f3 Bc5 27. Rc1 Qe7
28. g3 Rd8 29. Nc3 Qg5 30. Nd5 Rf8 31. Kg2 f5 32. f4 fxe4 33. Nf3 Qg4 34. Qxe4
Rxf4 35. Qxf4 Qh3+ 36. Kh1 Bxd5 37. Rg1 Qe6 0-1

[Event "TCh-CHN 2015"]
[Site "China CHN"]
[Date "2015.12.09"]
[Round "20.6"]
[Board "4"]
[White "Li, Xueyi"]
[Black "Guo, Qi"]
[Result "0-1"]
[BlackTitle "IM"]
[WhiteElo "2190"]
[BlackElo "2443"]
[WhiteTeam "Guangdong"]
[BlackTeam "Jiangsu"]
[WhiteFideId "8605912"]
[BlackFideId "8604002"]
[EventDate "2015.04.10"]

1. d4 Nf6 2. c4 e6 3. Nc3 Bb4 4. e3 b6 5. Bd3 Bb7 6. Nf3 O-O 7. O-O c5 8. a3
Bxc3 9. bxc3 Be4 10. Be2 Nc6 11. Nd2 Bg6 12. Nb3 Rc8 13. a4 Ne4 14. Qe1 d5 15.
cxd5 exd5 16. Ba3 Ne7 17. dxc5 Nxc5 18. Nxc5 bxc5 19. Qd2 Qb6 20. Rfc1 Rfd8 21.
Qe1 Nc6 22. Ra2 c4 23. Rd1 Qa5 24. Bb4 Qb6 25. Ba3 Ne5 26. Rd4 Qe6 27. Rb2 Rb8
28. Rdd2 Qc6 29. Bb4 Qb6 30. Ba3 Qc6 31. Qd1 Bd3 32. h3 Bxe2 33. Qxe2 Nd3 34.
Rxb8 Rxb8 35. Qd1 h6 36. a5 Rb5 37. Bb4 Nxb4 38. cxb4 c3 39. Rc2 Rxb4 40. Qa1
Rc4 41. a6 Qc5 42. Qd1 Qb5 43. Kh2 Qxa6 44. Qxd5 Qc8 45. e4 Rc5 46. Qb3 a5 47.
e5 Rc4 48. f4 a4 49. Qa2 Qc5 50. Qb1 Qd4 51. g3 a3 52. Qb3 Rb4 53. Qxa3 Rb2 54.
Rg2 Rxg2+ 55. Kxg2 c2 56. Qa8+ Kh7 57. Qc8 Qd2+ 58. Kf3 c1=Q 0-1

[Event "TCh-CHN 2015"]
[Site "China CHN"]
[Date "2015.12.09"]
[Round "20.6"]
[Board "5"]
[White "Munguntuul, Batkhuyag"]
[Black "Shen, Yang"]
[Result "1/2-1/2"]
[WhiteTitle "IM"]
[BlackTitle "IM"]
[WhiteElo "2426"]
[BlackElo "2459"]
[WhiteTeam "Guangdong"]
[BlackTeam "Jiangsu"]
[WhiteFideId "4900758"]
[BlackFideId "8603162"]
[EventDate "2015.04.10"]

1. e4 e5 2. Nf3 Nc6 3. Bb5 Nf6 4. O-O Nxe4 5. Re1 Nd6 6. Nxe5 Be7 7. Bf1 Nxe5 8.
Rxe5 O-O 9. d4 Bf6 10. Re1 Re8 11. d5 Rxe1 12. Qxe1 b6 13. Nc3 Bb7 14. Bf4 Bxc3
15. Qxc3 Bxd5 16. Rd1 Bc6 17. Bxd6 cxd6 18. Rxd6 Qe7 19. Rd3 Re8 20. Re3 Qf8 21.
h3 g6 22. Bc4 Rxe3 23. Qxe3 Kg7 24. Qe5+ f6 25. Qe2 Qc5 26. c3 Qe5 27. h4 Qxe2
28. Bxe2 g5 29. hxg5 fxg5 30. Kh2 Kf6 31. Kg3 Be4 32. f3 Bc6 33. Kg4 Bd5 34. Bd3
h6 35. Kh5 Kg7 36. a3 Bf7+ 37. Kg4 Kf6 38. Kg3 h5 39. Kf2 Ke5 40. Ke3 h4 41. Bb5
Be6 42. Ba6 Bd5 43. Bb5 Bc6 44. Bf1 d6 45. c4 Bb7 46. Bd3 a5 47. b4 axb4 48.
axb4 Ba6 49. b5 Bc8 50. Be4 Be6 51. Bd3 Bf7 52. Bf1 Bg6 53. Be2 Bf5 54. Bd1 d5
55. cxd5 Kxd5 56. Be2 Kc5 57. Bf1 Bd7 58. Ke4 Bxb5 59. Bxb5 Kxb5 60. Kf5 Kc6 61.
Ke4 Kb5 62. Kf5 Kc6 63. Kxg5 b5 64. f4 Kd7 65. Kh6 b4 66. f5 b3 67. f6 Ke6 68.
Kg7 b2 69. f7 b1=Q 70. f8=Q Qb7+ 71. Kh8 Qxg2 72. Qh6+ Ke5 1/2-1/2

[Event "TCh-CHN 2015"]
[Site "China CHN"]
[Date "2015.12.10"]
[Round "21.1"]
[Board "1"]
[White "Wei, Yi"]
[Black "Ma, Zhonghan"]
[Result "1-0"]
[WhiteTitle "GM"]
[BlackTitle "IM"]
[WhiteElo "2706"]
[BlackElo "2468"]
[WhiteTeam "Jiangsu"]
[BlackTeam "Qingdao"]
[WhiteFideId "8603405"]
[BlackFideId "8607206"]
[EventDate "2015.04.10"]

1. e4 e5 2. Nf3 Nc6 3. Bb5 Nf6 4. d3 Ne7 5. Ba4 Ng6 6. h4 h5 7. c4 c6 8. Nc3 d6
9. Ng5 Be7 10. g3 Nf8 11. f3 Ne6 12. Be3 O-O 13. Bb3 a6 14. a4 a5 15. Qd2 Nd4
16. Bxd4 exd4 17. Ne2 d5 18. O-O-O Qb6 19. Ba2 Qb4 20. Nxd4 Qxa4 21. Kb1 dxe4
22. dxe4 Nd7 23. Qf4 Bf6 24. Nc2 Be5 25. Qe3 c5 26. f4 Bd4 27. Nxd4 cxd4 28.
Rxd4 Nc5 29. f5 f6 30. Nf3 Qe8 31. Re1 Bd7 32. Qf4 Bc6 33. e5 Bxf3 34. Qxf3 fxe5
35. Qd5+ Qf7 36. Rxe5 b6 37. f6 Rae8 38. Re7 Qxd5 39. cxd5 gxf6 40. d6+ Kh8 41.
Rd5 f5 42. Rxf5 Rxf5 43. Rxe8+ Kg7 44. d7 Rf1+ 45. Kc2 Rf2+ 46. Kc1 Nxd7 47.
Re7+ Kf8 48. Rxd7 Rf3 49. Rd8+ Ke7 50. Rd5 Rxg3 51. Rxh5 a4 52. Re5+ Kd6 53.
Re6+ Kc5 54. h5 Rh3 55. h6 b5 56. Ra6 Rh1+ 57. Kd2 Kb4 58. Bd5 Rh2+ 59. Kc1 Kc5
60. Be4 Kd4 61. Re6 b4 62. h7 a3 63. bxa3 bxa3 64. Kb1 Kc5 1-0

[Event "TCh-CHN 2015"]
[Site "China CHN"]
[Date "2015.12.10"]
[Round "21.1"]
[Board "2"]
[White "Lin, Chen"]
[Black "Inarkiev, Ernesto"]
[Result "0-1"]
[WhiteTitle "IM"]
[BlackTitle "GM"]
[WhiteElo "2448"]
[BlackElo "2706"]
[WhiteTeam "Jiangsu"]
[BlackTeam "Qingdao"]
[WhiteFideId "8602298"]
[BlackFideId "4162722"]
[EventDate "2015.04.10"]

1. e4 e5 2. Nf3 Nc6 3. Nc3 Nf6 4. d4 exd4 5. Nxd4 Bb4 6. Nxc6 bxc6 7. Bd3 d5 8.
exd5 cxd5 9. O-O O-O 10. h3 c6 11. Qf3 Rb8 12. Bf4 Bd6 13. b3 Be6 14. Ne2 c5 15.
Rad1 Rb6 16. c3 Qc7 17. Bc2 Bc8 18. Bg5 Re8 19. Rfe1 Bb7 20. Bxf6 Bh2+ 21. Kh1
Rxf6 22. Nf4 Re5 23. Kxh2 g5 24. Qh5 Kf8 25. Nxd5 Rxd5+ 26. Kg1 Qf4 27. Qe2 Re6
28. Qf1 Rxd1 29. Rxd1 Kg7 30. Qb5 g4 31. hxg4 Bxg2 32. Qc4 Be4 33. Kf1 Qf3 0-1

[Event "TCh-CHN 2015"]
[Site "China CHN"]
[Date "2015.12.10"]
[Round "21.1"]
[Board "3"]
[White "Yu, Ruiyuan"]
[Black "Mu, Ke"]
[Result "0-1"]
[WhiteTitle "GM"]
[WhiteElo "2571"]
[BlackElo "2392"]
[WhiteTeam "Jiangsu"]
[BlackTeam "Qingdao"]
[WhiteFideId "8603090"]
[BlackFideId "8602778"]
[EventDate "2015.04.10"]

1. e4 e6 2. d4 d5 3. Nd2 Nc6 4. Ngf3 Nf6 5. e5 Nd7 6. Be2 f6 7. exf6 Qxf6 8. Nf1
Bd6 9. Ne3 O-O 10. O-O Qg6 11. c4 Nf6 12. c5 Be7 13. Bb5 Bd7 14. a4 b6 15. Bxc6
Bxc6 16. Ne5 Qe8 17. b4 bxc5 18. bxc5 Rb8 19. Bd2 Ne4 20. Ba5 Rb2 21. f3 Bg5 22.
Qd3 Bxa4 23. Rfb1 Qb5 24. Rxb2 Qxb2 25. Re1 Nxc5 26. dxc5 Qxe5 27. Nf1 Qf4 28.
Rxe6 c6 29. Bd2 Qf7 30. Re1 Bb5 31. Qa3 Bf6 32. Qe3 d4 33. Qe4 Qd5 34. Qxd5+
cxd5 35. Kf2 Kf7 36. Bb4 Rb8 37. Nd2 Bd3 38. Ba3 Bg5 39. Nf1 Rb3 40. Ra1 a6 41.
g3 Bxf1 42. Kxf1 Rxf3+ 43. Ke2 Rc3 44. Bb4 d3+ 45. Kd1 Rc2 0-1

[Event "TCh-CHN 2015"]
[Site "China CHN"]
[Date "2015.12.10"]
[Round "21.1"]
[Board "4"]
[White "Gunina, Valentina"]
[Black "Guo, Qi"]
[Result "0-1"]
[WhiteTitle "GM"]
[BlackTitle "IM"]
[WhiteElo "2528"]
[BlackElo "2443"]
[WhiteTeam "Qingdao"]
[BlackTeam "Jiangsu"]
[WhiteFideId "4167570"]
[BlackFideId "8604002"]
[EventDate "2015.04.10"]

1. d4 e6 2. c4 d5 3. Nf3 Nf6 4. Nc3 Be7 5. Bg5 h6 6. Bh4 O-O 7. e3 b6 8. g4 Nxg4
9. Bxe7 Qxe7 10. Rg1 Nf6 11. Ne5 Nbd7 12. Qf3 Nxe5 13. dxe5 Ne4 14. Qf4 Kh8 15.
cxd5 Nxc3 16. d6 cxd6 17. exd6 Qf6 18. Qxf6 gxf6 19. bxc3 Bd7 20. O-O-O Bc6 21.
Rd4 Rad8 22. Bd3 f5 23. Bc2 Rd7 24. Rgd1 Rfd8 25. a4 Bf3 26. R1d2 a5 27. c4 Kg7
28. Kb2 e5 29. Rh4 Rxd6 30. Rxd6 Rxd6 31. c5 bxc5 32. Kc3 e4 33. Rh3 Be2 34.
Rg3+ Kh7 35. Rg1 Bd3 36. Rb1 Kg6 37. Rb7 f4 38. Bb3 c4 39. Bd1 f3 40. Rb5 f5 41.
Re5 Bb1 42. Bc2 Bxc2 43. Kxc2 Rd3 44. Rxa5 Rxe3 45. Ra6+ Kh5 46. Rf6 Re2+ 47.
Kc3 Kg5 48. Rf8 e3 49. Rg8+ Kf4 0-1

[Event "TCh-CHN 2015"]
[Site "China CHN"]
[Date "2015.12.10"]
[Round "21.1"]
[Board "5"]
[White "Zhou, Guijue"]
[Black "Shen, Yang"]
[Result "1/2-1/2"]
[WhiteTitle "WIM"]
[BlackTitle "IM"]
[WhiteElo "2175"]
[BlackElo "2459"]
[WhiteTeam "Qingdao"]
[BlackTeam "Jiangsu"]
[WhiteFideId "8602905"]
[BlackFideId "8603162"]
[EventDate "2015.04.10"]

1. e4 e5 2. Nf3 Nc6 3. Nc3 Nf6 4. Bb5 Nd4 5. Bc4 d6 6. Ng5 Ne6 7. d3 Be7 8. Nxe6
Bxe6 9. Bxe6 fxe6 10. O-O O-O 11. d4 exd4 12. Qxd4 e5 13. Qc4+ Kh8 14. Nd5 Nxd5
15. exd5 Qd7 16. Be3 Rf5 17. f4 exf4 18. Bxf4 Raf8 19. Be3 a6 20. Rxf5 Rxf5 21.
Rf1 Rxf1+ 22. Kxf1 Bf6 23. b3 Qf5+ 24. Bf2 h6 25. Kg1 Be5 26. g3 Qf3 27. Qxc7
Qd1+ 28. Kg2 Qxd5+ 29. Kg1 Kh7 30. Qc8 Qf3 31. Qc4 Kg6 32. Qe6+ Kh7 1/2-1/2

[Event "TCh-CHN 2015"]
[Site "China CHN"]
[Date "2015.12.10"]
[Round "21.2"]
[Board "1"]
[White "Dubov, Daniil"]
[Black "Xu, Minghui"]
[Result "1-0"]
[WhiteTitle "GM"]
[WhiteElo "2655"]
[BlackElo "2229"]
[WhiteTeam "Guangdong"]
[BlackTeam "Zhejiang"]
[WhiteFideId "24126055"]
[BlackFideId "8606790"]
[EventDate "2015.04.10"]

1. d4 Nf6 2. c4 g6 3. g3 c6 4. Bg2 d5 5. e3 Bg7 6. Ne2 O-O 7. O-O a5 8. Nec3 b6
9. Nd2 Ba6 10. b3 b5 11. Re1 e6 12. Bb2 Nbd7 13. Rc1 bxc4 14. bxc4 Nb6 15. c5
Nbd7 16. f4 Qc7 17. g4 Kh8 18. h3 Ng8 19. Nf3 f6 20. Qd2 e5 21. e4 exd4 22. Nxd5
cxd5 23. exd5 d3 24. Nd4 Nxc5 25. Ne6 Nxe6 26. Rxc7 Nxc7 27. d6 Rac8 28. Qxa5 d2
29. Rd1 1-0

[Event "TCh-CHN 2015"]
[Site "China CHN"]
[Date "2015.12.10"]
[Round "21.2"]
[Board "3"]
[White "Zeng, Chongsheng"]
[Black "Lu, Shanglei"]
[Result "1/2-1/2"]
[WhiteTitle "GM"]
[BlackTitle "GM"]
[WhiteElo "2541"]
[BlackElo "2570"]
[WhiteTeam "Guangdong"]
[BlackTeam "Zhejiang"]
[WhiteFideId "8603847"]
[BlackFideId "8603332"]
[EventDate "2015.04.10"]

1. e4 c5 2. Nc3 g6 3. f4 Bg7 4. Nf3 Nc6 5. Bb5 Nd4 6. Bc4 a6 7. Nxd4 cxd4 8. Ne2
d5 9. exd5 b5 10. Bb3 Bb7 11. O-O Qb6 12. d3 f5 13. Kh1 a5 14. a4 b4 15. Ng1 Nf6
16. Nf3 Bxd5 17. Ne5 e6 18. Bd2 Qb7 19. Qe2 O-O 20. Bxd5 Qxd5 21. Rae1 Rfe8 22.
Nc4 Nd7 23. b3 Ra6 24. Qf3 Kf7 25. Qh3 h5 26. Re2 e5 27. fxe5 Nxe5 28. Qg3 Rae6
29. Rfe1 h4 30. Nxe5+ Rxe5 31. Rxe5 Bxe5 32. Qf3 1/2-1/2

[Event "TCh-CHN 2015"]
[Site "China CHN"]
[Date "2015.12.10"]
[Round "21.2"]
[Board "4"]
[White "Ding, Yixin"]
[Black "Munguntuul, Batkhuyag"]
[Result "1/2-1/2"]
[WhiteTitle "WGM"]
[BlackTitle "IM"]
[WhiteElo "2434"]
[BlackElo "2426"]
[WhiteTeam "Zhejiang"]
[BlackTeam "Guangdong"]
[WhiteFideId "8602972"]
[BlackFideId "4900758"]
[EventDate "2015.04.10"]

1. e4 c5 2. Nf3 e6 3. d4 cxd4 4. Nxd4 Nc6 5. Nc3 Qc7 6. Be2 a6 7. O-O b5 8. Nxc6
dxc6 9. f4 Nf6 10. e5 Nd5 11. Ne4 Bb7 12. Bd3 c5 13. c3 c4 14. Bc2 Be7 15. Kh1
g6 16. Qe2 O-O 17. Bd2 f5 18. exf6 Bxf6 19. Ng5 Bxg5 20. Qxe6+ Kh8 21. fxg5 Nf4
22. Bxf4 Rxf4 23. Rxf4 Qxf4 24. Qf6+ Qxf6 25. gxf6 Re8 26. Rf1 Bd5 27. Bd1 Kg8
28. Kg1 Kf7 29. a4 bxa4 30. Bxa4 Re2 31. Rf2 Re1+ 32. Rf1 Re2 33. Rf2 Re1+ 34.
Rf1 1/2-1/2

[Event "TCh-CHN 2015"]
[Site "China CHN"]
[Date "2015.12.10"]
[Round "21.2"]
[Board "5"]
[White "Qiu, Mengjie"]
[Black "Li, Xueyi"]
[Result "1/2-1/2"]
[WhiteTitle "WFM"]
[WhiteElo "2122"]
[BlackElo "2190"]
[WhiteTeam "Zhejiang"]
[BlackTeam "Guangdong"]
[WhiteFideId "8606137"]
[BlackFideId "8605912"]
[EventDate "2015.04.10"]

1. e4 c6 2. Nc3 d5 3. Nf3 dxe4 4. Nxe4 Nf6 5. Nxf6+ exf6 6. d4 Bd6 7. Bd3 O-O 8.
O-O Bg4 9. h3 Bh5 10. c3 Bc7 11. Re1 Nd7 12. g4 Bg6 13. Bxg6 hxg6 14. b3 Re8 15.
Ba3 Nf8 16. Rxe8 Qxe8 17. Bxf8 Qxf8 18. Qd2 f5 19. Re1 fxg4 20. hxg4 Re8 21. Re3
Rxe3 22. Qxe3 Qc8 23. Qe4 Qd7 24. Ng5 Bd8 25. Nf3 Bc7 26. Ng5 Bd8 27. Nf3 f5 28.
Qe2 Bf6 29. Qc4+ Qf7 30. Qxf7+ Kxf7 31. g5 Bd8 32. Ne5+ Ke6 33. f4 Kd5 34. Nxg6
Ke4 35. Kf2 a5 36. Kg3 a4 37. Nf8 Be7 38. Ne6 g6 39. c4 a3 40. Kf2 Bd6 41. Nd8
Bxf4 42. Nxb7 Bxg5 43. Na5 Be3+ 44. Kf1 Bxd4 45. Nxc6 Kd3 46. Nxd4 Kxd4 47. Kf2
f4 48. Ke2 g5 49. Kf3 Ke5 50. c5 Kd5 1/2-1/2